00343nam a2200109Ia 4500008004100000082000800041100001700049245005100066942000600117952009500123999001500218240331s9999 xx 000 0 und d bRAN aRanaweera, E 0aWhat will you do do do clara what will you do? cL 001040708LaWERCLbWERCLcSSCd2024-03-31l0o 821 RANp3524r2024-03-31w2024-03-31yL c4347d4347